Score 0/25 Timer 05:00
0 Plays Today
% Correct
Jon Snow
96.2%
Daenerys Targaryen
89.5%
Robert Baratheon
83.8%
Joffrey Baratheon
83.7%
Arya Stark
83.5%
Khal Drogo
83%
Grey Worm
79.3%
Tywin Lannister
78.5%
White Walker
77.9%
Tommen Baratheon
77.6%
Melisandre
77.2%
Sansa Stark
75.9%
Tyrion Lannister
75.2%
% Correct
Ygritte
72.7%
Margaery Tyrell
69.7%
Bran Stark
69.5%
Varys
68.7%
Gregor 'The Mountain' Clegane
68.3%
Brienne of Tarth
66.6%
Robb Stark
60.4%
Lysa Tully
50.3%
Missandei
43.9%
Hodor
43.8%
Ellaria Sand
33.6%
Illyrio Mopatis
29.6%
Remove Ads.
Support Sporcle.
Get the best of Sporcle when you Go Orange. This ad-free experience offers more features, more stats, and more fun while also helping to support Sporcle. Thank you for becoming a member.

You're not logged in!

Compare scores with friends on all Sporcle quizzes.
OR
Log In

Show Comments

Extras

Top Quizzes Today


Score Distribution

Your Account Isn't Verified!

In order to create a playlist on Sporcle, you need to verify the email address you used during registration. Go to your Sporcle Settings to finish the process.

Report this User

Report this user for behavior that violates our Community Guidelines.

Details: